What are the 3rd biggest cities in each US state? - Statistics

General Stats
  • This quiz has been taken 39 times
  • The average score is 22 of 50
Answer Stats
State Answer % Correct
California San Jose
88%
Ohio Cincinnati
82%
Texas Dallas
82%
Tennessee Knoxville
82%
Massachusetts Springfield
79%
Missouri Springfield
79%
Colorado Aurora
76%
Alaska Juneau
76%
Arizona Mesa
73%
Florida Tampa
73%
Minnesota Rochester
70%
New york Rochester
70%
Utah Provo
64%
Nevada Reno
61%
Kansas Kansas City
58%
Washington Tacoma
58%
Oregon Eugene
55%
Wisconsin Green Bay
55%
North Carolina Greensboro
55%
Louisiana Shreveport
55%
Pennsylvania Allentown
52%
Alabama Huntsville
52%
New Hampshire Concord
48%
Indiana Evansville
45%
Georgia Columbus
42%
Maine Bangor
39%
Illinois Rockford
39%
Oklahoma Norman
36%
Virginia Chesapeake
33%
Arkansas Fayetteville
33%
Delaware Newark
33%
Connecticut Stamford
33%
Iowa Davenport
30%
Idaho Nampa
30%
New Jersey Paterson
30%
Kentucky Bowling Green
27%
Wyoming Laramie
27%
Michigan Warren
24%
North Dakota Grand Forks
21%
West Virginia Morgantown
21%
Montana Great Falls
18%
South Carolina North Charleston
18%
Vermont South Burlington
18%
South Dakota Aberdeen
15%
Nebraska Bellevue
12%
Rhode Island Cranston
12%
New Mexico Rio Rancho
9%
Mississippi Southaven
6%
Hawaii Kailua
3%
Maryland Rockville
0%
No matching quizzes found
Score Distribution
Percent of People with Each Score
Percentile by Number Answered
Your Score History
You have not taken this quiz